000 00408nam a2200169Ia 4500
008 221030s9999 xx 000 0 und d
020 _a8121924960
041 _aEnglish
082 _a105.23
100 _aV. K. Mehta
245 0 _aPrinciples of Power System
_cby V. K. Mehta, R. Mehta
260 _bS. Chand & Co.
_aNew Delhi
_c2010
300 _a608
650 _aEE
700 _aR. Mehta
942 _cBK
999 _c8910
_d8910